| 000 | 00000nas 2200000za 4500 |
| 001 | 9.505779 |
| 003 | CaOODSP |
| 005 | 20230104104214 |
| 007 | cr ||||||||||| |
| 008 | 150406d20062017qucar p o f0 a0eng|d |
| 022 | |y1914-9409 |
| 040 | |aCaOODSP|beng |
| 043 | |an-cn--- |
| 086 | 1 |aTU1-1E-PDF |
| 245 | 00|aStatistical summary, marine occurrences |h[electronic resource]. |
| 260 | |aGatineau, Quebec : |bTransportation Safety Board of Canada, |c2006-2018. |
| 310 | |aAnnual |
| 362 | 1 |aBegan with 2005; ceased with 2017. |
| 500 | |aIssued also in French under title: Sommaire statistique des événements maritimes. |
| 500 | |aIncludes appendices (2005-2014 data). |
| 515 | |a2012, 2015-2017 issues available in HTML format only. |
| 520 | 3 |aSummarizes selected statistics on marine occurrences (accidents and incidents, or situations that could cause accidents or incidents) involving commercial vessels. |
| 690 | 07|aMarine accidents|2gcpds |
| 710 | 2 |aTransportation Safety Board of Canada. |
| 775 | 08|tSommaire statistique des événements maritimes |w(CaOODSP)9.502191 |
| 776 | 0#|tStatistical summary, marine occurrences |w(CaOODSP)9.515746 |
| 780 | 00|tTSB statistical summary, marine occurrences |w(CaOODSP)9.506452 |
| 785 | 00|tStatistical summary, marine transportation occurrences in …|w(CaOODSP)9.875413 |